000 00418nam a2200169Ia 4500
001 30162
003 IN-NITTTR
005 20251114233409.0
008 251113s9999||||xx |||||||||||||| ||eng||
040 _beng
040 _cIN-NITTTR
041 _aeng
082 _a519.2 C77P
100 _aCooper, George H.
245 0 _aProbabilistic methods of signal and system analysis /
_cCooper, George H.
942 _2ddc
_cBK
999 _c32790
_d32790